000 00617nam a2200229Ia 4500
003 OSt
005 20221007075154.0
006 a|||||r|||| 00| 0
007 ta
008 221006b |||||||| |||| 00| 0 eng d
024 _a14,649
037 _cTextual
040 _aFLL
_cFLL
_beng
041 _2eng
_aeng
082 _aX:9.2.N7, M2
100 _aGupta O.P. Au.
_9693596
245 0 _aCommitment to work of industrial workers
260 _aNew Delhi
_bConcept pub. India
_c1982
300 _axvi,252p
_ccm.
942 _hX:9.2.N7, M2
_cTEXL
_2CC
999 _c1155072
_d1155072